Logo BPK

Biblioteka

Politechniki Koszalińskiej

Podstawy życia / (Rekord nr 8384)

Szczegóły MARC
000 -ETYKIETA REKORDU
podpole kontrolne o stałej długości 01733nam a2200421 i 4500
001 - NUMER KONTROLNY REKORDU
pole kontrolne 8384
003 - IDENTYFIKATOR NUMERU KONTROLNEGO REKORDU
podpole kontrolne KOSZ 005
005 - DATA OSTATNIEJ MODYFIKACJI REKORDU
podpole kontrolne 20230719130015.0
008 - POLE O STAŁEJ DŁUGOŚCI - DANE KONTROLNE
podpole kontrolne o stałej długości 080827s1965 pl a f |000 0 pol
015 ## - NUMER BIBLIOGRAFII NARODOWEJ
Numer bibliografii narodowej PB 1966/1897
035 ## - NUMER SYSTEMOWY
Numer systemowy przejętego rekordu (OCoLC)832663772
040 ## - ŹRÓDŁO KATALOGOWANIA
Instytucja, która sporządziła opis WA N
Instytucja, która utworzyła rekord KOSZ 005/EG
Instytucja, która dokonała modyfikacji KOSZ 005/EG
041 1# - KOD JĘZYKA
Kod języka tekstu pol
Kod języka oryginału fre
046 ## - DATY KODOWANE
Pojedyncza data lub początek okresu powstania dzieła lub zbioru dzieł 1965
080 ## - UNIWERSALNA KLASYFIKACJA DZIESIĘTNA - UKD
UKD 57
245 10 - TYTUŁ/ODPOWIEDZIALNOŚĆ
Tytuł Podstawy życia /
Pozostałe elementy strefy tytułu i oznaczenia odpowiedzialności red. nauk. Étienne Wolff i Philippe Sengel ; tł. Maria Jordan [et al.] ; red. nauk. wyd. pol. Stanisław Skowron ; [wstęp H. Grégoire, A. Delaunay].
246 3# - WARIANT TYTUŁU
Treść wyrażenia wprowadzającego Tyt. oryg.:
Tytuł Être vivant.
260 ## - STREFA ADRESU WYDAWNICZEGO
Miejsce wydania Warszawa :
Nazwa wydawcy/dystrybutora Państwowe Wydawnictwo Naukowe,
Data publikacji, dystrybucji/powstania dokumentu 1965.
300 ## - STREFA OPISU FIZYCZNEGO
Objętość 159, [1] s. :
Inne cechy fizyczne il. ;
Rozmiary 29 cm.
380 ## - FORMA I TYP PUBLIKACJI
Forma i typ publikacji Książki.
490 1# - STREFA SERII I DOKUMENTU WIELOCZĘŚCIOWEGO - FORMA NIE DO WYSZUKIWANIA
Tytuł i oznaczenie odpowiedzialności serii Życie i człowiek / oprac. nauk. Rėmy Chauvin [et al.] ;
Numeracja w obrębie serii 1.
500 ## - UWAGI OGÓLNE
Tekst uwagi Na obwol. r. wyd.: 1964. - Dane opisu na s. 1-3, 6 i na grzbiecie.
500 ## - UWAGI OGÓLNE
Tekst uwagi Tyt. oryg.: La vie et ľhomme. - Tyt. oryg. cz. 1: "L'être vivant.
655 #4 - TERMIN INDEKSOWY - OKREŚLENIE RODZAJU/FORMY DOKUMENTU
Określenie rodzaju/formy dokumentu Wydawnictwa popularne
650 #4 - HASŁO PRZEDMIOTOWE W FORMIE NAZWY OGÓLNEJ LUB JEDNOSTKOWEJ
Nazwa ogólna lub geograficzna Biologia
650 #4 - HASŁO PRZEDMIOTOWE W FORMIE NAZWY OGÓLNEJ LUB JEDNOSTKOWEJ
Nazwa ogólna lub geograficzna Życie
700 1# - HASŁO DODATKOWE - NAZWA OSOBOWA
Nazwa osobowa Chauvin, Rémy
Daty związane z nazwą (1913-2009).
Określenie związku między hasłem a opisywanym materiałem Redakcja
700 1# - HASŁO DODATKOWE - NAZWA OSOBOWA
Nazwa osobowa Wolff, Etienne
Daty związane z nazwą (1904-1996).
Określenie związku między hasłem a opisywanym materiałem Redakcja
700 1# - HASŁO DODATKOWE - NAZWA OSOBOWA
Nazwa osobowa Sengel, Philippe
Daty związane z nazwą (1928- ).
Określenie związku między hasłem a opisywanym materiałem Redakcja
700 1# - HASŁO DODATKOWE - NAZWA OSOBOWA
Nazwa osobowa Jordan, Maria
Daty związane z nazwą (1922-2011).
Określenie związku między hasłem a opisywanym materiałem Tłumaczenie
700 1# - HASŁO DODATKOWE - NAZWA OSOBOWA
Nazwa osobowa Skowron, Stanisław
Daty związane z nazwą (1900-1976).
Określenie związku między hasłem a opisywanym materiałem Redakcja
700 1# - HASŁO DODATKOWE - NAZWA OSOBOWA
Nazwa osobowa Grégoire, Herman.
Określenie związku między hasłem a opisywanym materiałem Wstęp
700 1# - HASŁO DODATKOWE - NAZWA OSOBOWA
Nazwa osobowa Delaunay, Albert
Daty związane z nazwą (1910-1993).
Określenie związku między hasłem a opisywanym materiałem Wstęp
710 ## - HASŁO DODATKOWE - NAZWA CIAŁA ZBIOROWEGO
Nazwa ciała zbiorowego lub jednostki geograficznej Państwowe Wydawnictwo Naukowe
Kod określenia powiązania pbl.
830 #0 - HASŁO DODATKOWE SERII LUB DOKUMENTU WIELOCZĘŚCIOWEGO - TYTUŁ UJEDNOLICONY
Tytuł ujednolicony Życie i człowiek
Oznaczenie tomu 1.
856 ## - LOKALIZACJA I DOSTĘP DO ELEKTRONICZNYCH DOKUMENTÓW ZDALNYCH
Link (URL) http://koha.tu.koszalin.pl/cgi-bin/koha/opac-detail.pl?biblionumber=8384
Tekst linku Katalog online BPK
942 ## - DODATKOWE ELEMENTY (KOHA)
Schemat klasyfikacji Uniwersalna Klasyfikacja Dziesiętna
Typ dokumentu Książka
Egzemplarze
Wycofany Status egzemplarza Uszkodzony Dostępność Lokalizacja stała Lokalizacja bieżąca Miejsce przechowywania Sygnatura Kod kreskowy Dział Typ dokumentu
      Tylko na miejscu Biblioteka Politechniki Koszalińskiej Biblioteka Politechniki Koszalińskiej Czytelnia BG 5028 01813401 57 Nauki biologiczne Książka
© 2023 Biblioteka Politechniki Koszalińskiej :: KOHA